000
00278nam a22001337a 4500
082
_a
894.812.3
_b
ELA/A
100
_a
ELAYATH, NANNIKKAMATTOM
245
_a
ARAM PANDAVAR
260
_a
ALUVA
_b
PEN BOOKS
_c
2005
300
_a
104
520
_a
NOVEL
650
_a
NOVEL
942
_c
BK
999
_c
4862
_d
4862